| 000 | 00807nam a2200253 c 4500 | ||
|---|---|---|---|
| 999 |
_c7743 _d7743 |
||
| 001 | a7287117 | ||
| 003 | SpMaBN | ||
| 005 | 20230608165742.0 | ||
| 008 | 230518s sp | |||| 000 spa | ||
| 015 | _aMON23 | ||
| 017 |
_aM 5595-2023 _bOficina Depósito Legal Madrid |
||
| 020 | _a9788441547933 | ||
| 040 |
_aSpMaBN _bspa _cCDMR |
||
| 100 |
_94848 _aRubio Ahumada, Fernando |
||
| 245 |
_aEstrategias de copy + neuromarketing y SEO _b: persuasión, posicionamiento y conversión _c/ Fernando Rubio Ahumada, Salima Sánchez Muñoz |
||
| 260 |
_aMadrid _b: Anaya Multimedia _c, 2023 |
||
| 300 | _a399 pàgines | ||
| 490 | _aSocial Business | ||
| 650 | 0 |
_94161 _aMàrqueting digital |
|
| 650 | 0 |
_94850 _aNeuromàrqueting |
|
| 700 |
_94849 _aSánchez Muñoz, Salima |
||
| 942 |
_2udc _cMON |
||
| 956 | _a2 | ||